000 00347nam a2200121Ia 4500
008 160216s9999 xx 000 0 und d
100 _aWhalley, A.
245 _aStrategic Marketing /
245 _cA. Whalley.
260 _c2010
650 _xStrategic marketing.
856 _uhttp://media.wix.com/ugd/f47560_d92b78bd94f245faa4ad015a3f22791d.pdf
999 _c290611
_d290611